[Event "Madrid ch Final 2019"]
[Site "Madrid ESP"]
[Date "2019.05.25"]
[Round "1.1"]
[White "De La Puerta Cresis, Javier"]
[Black "Espinosa Aranda, Angel"]
[Result "0-1"]
[WhiteElo "2116"]
[BlackElo "2483"]
[PlyCount "112"]
[EventDate "2019.05.25"]
[EventType "swiss"]
[EventRounds "7"]
[EventCountry "ESP"]
[SourceTitle "Ajedrez en Madrid"]
[Source "lmi"]
[SourceDate "2019.05.25"]
[SourceVersion "1"]
[SourceVersionDate "2019.06.03"]
[SourceQuality "1"]

1. d4 e6 2. c4 Bb4+ 3. Nc3 b6 4. Qc2 Bb7 5. e4 Qh4 6. Bd3 f5 7. g3 Qh5 8. Be2
Qf7 9. Bf3 Nc6 10. Be3 Na5 11. exf5 Bxf3 12. Nxf3 Qxf5 13. Qxf5 exf5 14. Nd2
Bxc3 15. bxc3 Nf6 16. Rb1 O-O 17. c5 Rae8 18. cxb6 axb6 19. Ke2 d5 20. Kd3 Ne4
21. Rhe1 Ra8 22. Rb2 Rfe8 23. f3 Nxd2 24. Bxd2 Nc4 25. Rxe8+ Rxe8 26. Rc2 Kf7
27. Bf4 c6 28. h4 h6 29. Re2 Ra8 30. g4 fxg4 31. fxg4 b5 32. g5 hxg5 33. Bxg5
Ra7 34. Rc2 Nd6 35. Rf2+ Kg8 36. Rg2 Ne4 37. Bc1 Rf7 38. Kc2 Rf3 39. Bd2 Kf7
40. Be1 Rh3 41. Kb3 g6 42. Rc2 Rh1 43. Re2 Ke6 44. a4 bxa4+ 45. Kxa4 Kf5 46.
Kb4 Kf4 47. Bd2+ Kf3 48. Re1 Rxe1 49. Bxe1 Ke2 50. h5 gxh5 51. Bh4 Kf3 52. c4
Kg4 53. cxd5 cxd5 54. Bd8 h4 55. Kb5 h3 56. Bc7 Ng3 0-1

[Event "Madrid ch Final 2019"]
[Site "Madrid ESP"]
[Date "2019.05.25"]
[Round "1.2"]
[White "Moreno Ruiz, Javier"]
[Black "Pastor Alonso De Prado, Alberto"]
[Result "1-0"]
[WhiteElo "2471"]
[BlackElo "2094"]
[PlyCount "91"]
[EventDate "2019.05.25"]
[EventType "swiss"]
[EventRounds "7"]
[EventCountry "ESP"]
[SourceTitle "Ajedrez en Madrid"]
[Source "lmi"]
[SourceDate "2019.05.25"]
[SourceVersion "1"]
[SourceVersionDate "2019.06.03"]
[SourceQuality "1"]

1. e4 e5 2. Nf3 Nc6 3. Bc4 Be7 4. d3 d6 5. c3 Nf6 6. O-O O-O 7. Bb3 Na5 8. Bc2
c5 9. a3 Nc6 10. b4 Qc7 11. Re1 Re8 12. h3 h6 13. Nbd2 b5 14. a4 cxb4 15. axb5
Nd8 16. cxb4 Bd7 17. Ba4 Rb8 18. Nc4 Bxb5 19. Bxb5 Rxb5 20. Qa4 Qb8 21. Bd2 d5
22. exd5 Bxb4 23. Reb1 a5 24. Nd6 Qxd6 25. Qxb5 Qxd5 26. Qxd5 Nxd5 27. Bxb4
Nxb4 28. Rxa5 Ndc6 29. Rc5 Re6 30. Nxe5 Nxe5 31. Rxb4 Nxd3 32. Rb8+ Kh7 33. Rf5
Re7 34. Rf3 Nc5 35. Ra8 Ne6 36. Rfa3 Rb7 37. R8a7 Rb1+ 38. Kh2 Kg8 39. Rf3 Nd8
40. Rd7 Rb8 41. Ra3 Nc6 42. Rc3 Ne5 43. Rdc7 Rb6 44. Re3 Rb5 45. f4 Ng6 46.
Re8+ 1-0

[Event "Madrid ch Final 2019"]
[Site "Madrid ESP"]
[Date "2019.05.25"]
[Round "1.3"]
[White "Pindado Campos, Raul"]
[Black "Almagro Llamas, Pablo"]
[Result "0-1"]
[WhiteElo "2089"]
[BlackElo "2458"]
[PlyCount "111"]
[EventDate "2019.05.25"]
[EventType "swiss"]
[EventRounds "7"]
[EventCountry "ESP"]
[SourceTitle "Ajedrez en Madrid"]
[Source "lmi"]
[SourceDate "2019.05.25"]
[SourceVersion "1"]
[SourceVersionDate "2019.06.03"]
[SourceQuality "1"]

1. d4 Nf6 2. c4 e6 3. g3 Bb4+ 4. Bd2 Qe7 5. Bg2 Nc6 6. a3 Bxd2+ 7. Qxd2 d6 8.
Nc3 e5 9. Nf3 Bg4 10. e3 Bxf3 11. Bxf3 exd4 12. Bxc6+ bxc6 13. Qxd4 h5 14. h3
O-O 15. O-O Qe6 16. Kg2 c5 17. Qh4 Rab8 18. Rab1 Rb3 19. Rfd1 Rfb8 20. Kg1 Rxb2
21. Rxb2 Rxb2 22. Nb5 Qf5 23. g4 hxg4 24. hxg4 Qc2 25. Rf1 Qxc4 26. Nxa7 Ra2
27. Nc6 Qe4 28. Na7 d5 29. Nb5 Qxg4+ 30. Qxg4 Nxg4 31. Nxc7 d4 32. exd4 cxd4
33. Rd1 Nxf2 34. Rxd4 Nh3+ 35. Kf1 Rxa3 36. Rd7 Ra7 37. Rd8+ Kh7 38. Nd5 Ra2
39. Rd7 Ng5 40. Ne3 g6 41. Ng4 Kg7 42. Rb7 Ra4 43. Ne5 Re4 44. Nd3 Rd4 45. Nc5
Rd6 46. Nd7 Re6 47. Nc5 Re8 48. Kg2 Ne4 49. Nd3 g5 50. Ra7 Re6 51. Nb4 Kg6 52.
Ra5 f5 53. Nd5 Nf6 54. Nc3 g4 55. Nd1 Kg5 56. Nb2 0-1

[Event "Madrid ch Final 2019"]
[Site "Madrid ESP"]
[Date "2019.05.25"]
[Round "1.4"]
[White "Martinez Reyes, Pedro Ramon"]
[Black "Nuñez Reiz, Antonio"]
[Result "1/2-1/2"]
[WhiteElo "2416"]
[BlackElo "2083"]
[PlyCount "113"]
[EventDate "2019.05.25"]
[EventType "swiss"]
[EventRounds "7"]
[EventCountry "ESP"]
[SourceTitle "Ajedrez en Madrid"]
[Source "lmi"]
[SourceDate "2019.05.25"]
[SourceVersion "1"]
[SourceVersionDate "2019.06.03"]
[SourceQuality "1"]

1. Nf3 Nf6 2. g3 d5 3. Bg2 g6 4. O-O Bg7 5. d4 O-O 6. c4 c6 7. cxd5 cxd5 8. Nc3
Nc6 9. Ne5 Be6 10. Nxc6 bxc6 11. Na4 Qc8 12. Bf4 Bh3 13. Be5 Bxg2 14. Kxg2 Bh6
15. Bxf6 exf6 16. e3 Re8 17. Rc1 Bf8 18. Rc3 h5 19. h4 Re6 20. Qc2 Qa6 21. Rc1
Rc8 22. a3 Kg7 23. b4 Qb5 24. Nc5 Re7 25. Nb3 Rec7 26. Na5 c5 27. dxc5 Bxc5 28.
Qd3 Qxd3 29. Rxd3 Bf8 30. Rxc7 Rxc7 31. b5 Rc2 32. Nc6 Bc5 33. Kf3 g5 34. a4
g4+ 35. Kg2 Ra2 36. a5 Rb2 37. Rxd5 Bxe3 38. Rf5 Kg6 39. Ne7+ Kg7 40. Kf1 Bd4
41. Nc6 Be5 42. Nxa7 Kg6 43. Rxe5 fxe5 44. b6 Kf5 45. Nc6 Ke4 46. Nd8 Kf3 47.
Ke1 Rb1+ 48. Kd2 e4 49. b7 Kxf2 50. a6 e3+ 51. Kc2 e2 52. Kxb1 e1=Q+ 53. Kc2
Qe4+ 54. Kc3 Qe5+ 55. Kc4 Qc7+ 56. Kb5 Qxd8 57. a7 1/2-1/2

[Event "Madrid ch Final 2019"]
[Site "Madrid ESP"]
[Date "2019.05.25"]
[Round "1.5"]
[White "Robles Diaz, Jose Alberto"]
[Black "Suarez Uriel, Adrian"]
[Result "0-1"]
[WhiteElo "2044"]
[BlackElo "2382"]
[PlyCount "84"]
[EventDate "2019.05.25"]
[EventType "swiss"]
[EventRounds "7"]
[EventCountry "ESP"]
[SourceTitle "Ajedrez en Madrid"]
[Source "lmi"]
[SourceDate "2019.05.25"]
[SourceVersion "1"]
[SourceVersionDate "2019.06.03"]
[SourceQuality "1"]

1. Nf3 Nf6 2. g3 g6 3. Bg2 Bg7 4. c4 O-O 5. d4 c5 6. Nc3 cxd4 7. Nxd4 Nc6 8.
O-O Nxd4 9. Qxd4 d6 10. Bg5 Be6 11. Qh4 Qa5 12. Rac1 Rac8 13. b3 Rc5 14. Nd5
Bxd5 15. cxd5 Rxc1 16. Rxc1 Qxa2 17. Qc4 a6 18. Bf3 Qa3 19. Qa4 Qxa4 20. bxa4
Rb8 21. a5 Kf8 22. Be3 Ne8 23. Ba7 Ra8 24. Bb6 Rb8 25. e3 Bb2 26. Rc2 Ba3 27.
e4 Bc5 28. Kf1 Bxb6 29. axb6 Nf6 30. Ke2 Nd7 31. Rb2 e6 32. dxe6 fxe6 33. Bg4
Ke7 34. f4 Rc8 35. Bf3 Rc6 36. e5 d5 37. h4 Rxb6 38. Rc2 Rc6 39. Rb2 b5 40. h5
Nb6 41. hxg6 hxg6 42. g4 Rc4 0-1

[Event "Madrid ch Final 2019"]
[Site "Madrid ESP"]
[Date "2019.05.25"]
[Round "1.6"]
[White "Martin Duque, Jesus"]
[Black "Martinez Aragon, Aitor"]
[Result "1/2-1/2"]
[WhiteElo "2372"]
[BlackElo "2038"]
[PlyCount "164"]
[EventDate "2019.05.25"]
[EventType "swiss"]
[EventRounds "7"]
[EventCountry "ESP"]
[SourceTitle "Ajedrez en Madrid"]
[Source "lmi"]
[SourceDate "2019.05.25"]
[SourceVersion "1"]
[SourceVersionDate "2019.06.03"]
[SourceQuality "1"]

1. e4 c5 2. Nf3 e6 3. d4 cxd4 4. Nxd4 Nc6 5. Nc3 Qc7 6. Be3 a6 7. Qf3 Nf6 8.
O-O-O d6 9. Qg3 Nxd4 10. Bxd4 e5 11. Be3 Be6 12. Bg5 Be7 13. Bxf6 Bxf6 14. Nd5
Bxd5 15. Rxd5 O-O 16. Be2 Be7 17. Qd3 Qc8 18. Qb3 Kh8 19. Rf1 Qc6 20. Bg4 g6
21. Rfd1 b5 22. Kb1 Ra7 23. R1d3 Rc7 24. Rc3 Qb6 25. Rxc7 Qxc7 26. Qe3 f5 27.
exf5 Qc4 28. Qf3 gxf5 29. Bh3 e4 30. Qd1 f4 31. Rd4 Qc6 32. Qh5 Bf6 33. Bf5 Qc7
34. Rxe4 Be5 35. c3 Qf7 36. Qxf7 Rxf7 37. Bc8 Ra7 38. g3 fxg3 39. hxg3 Ra8 40.
Bb7 Ra7 41. Bd5 Kg7 42. f4 Bf6 43. Re8 Re7 44. Rg8+ Kh6 45. g4 Bg7 46. Ra8 Re1+
47. Kc2 Rf1 48. g5+ Kg6 49. Be4+ Kh5 50. Rxa6 Rxf4 51. Bxh7 b4 52. cxb4 Rxb4
53. b3 Be5 54. g6 Rg4 55. Ra5 Kh6 56. Kd3 Rb4 57. Ra4 Rb5 58. Ke4 Bc3 59. Ra6
d5+ 60. Kd3 d4 61. Bg8 Rg5 62. Bf7 Rg2 63. Ra8 Kg7 64. a4 Rb2 65. a5 Rd2+ 66.
Kc4 Bb2 67. a6 Rc2+ 68. Kd3 Rc3+ 69. Kd2 Bc1+ 70. Kd1 d3 71. Bc4 Be3 72. Bxd3
Rxd3+ 73. Ke2 Rxb3 74. Re8 Bd4 75. Re4 Bf6 76. Ra4 Rb8 77. Kd3 Kxg6 78. Kc4 Bg5
79. Kd5 Be3 80. Kc6 Kf5 81. a7 Bxa7 82. Rxa7 Re8 1/2-1/2

[Event "Madrid ch Final 2019"]
[Site "Madrid ESP"]
[Date "2019.05.25"]
[Round "1.7"]
[White "Perez Diez, Victor"]
[Black "Serrano Salvador, Eduardo"]
[Result "1-0"]
[WhiteElo "2018"]
[BlackElo "2324"]
[PlyCount "105"]
[EventDate "2019.05.25"]
[EventType "swiss"]
[EventRounds "7"]
[EventCountry "ESP"]
[SourceTitle "Ajedrez en Madrid"]
[Source "lmi"]
[SourceDate "2019.05.25"]
[SourceVersion "1"]
[SourceVersionDate "2019.06.03"]
[SourceQuality "1"]

1. e4 c5 2. Nc3 Nc6 3. g3 Rb8 4. Bg2 b5 5. Nce2 e6 6. d3 g6 7. Be3 Bg7 8. c3 d6
9. d4 cxd4 10. Nxd4 Nge7 11. Nge2 b4 12. Nxc6 Nxc6 13. Nd4 Bd7 14. Nxc6 Bxc6
15. Bd4 e5 16. Bxa7 Rb7 17. Be3 bxc3 18. bxc3 f5 19. O-O O-O 20. exf5 Bxg2 21.
Kxg2 gxf5 22. Qd5+ Rff7 23. Rab1 Rbd7 24. Rb3 f4 25. gxf4 Qf6 26. Kh1 Kh8 27.
Rb8+ Rf8 28. fxe5 Qf5 29. Rxf8+ Bxf8 30. Bd4 Rg7 31. Qa8 dxe5 32. Bxe5 Qxe5 33.
Qxf8+ Rg8 34. Qf3 Rc8 35. c4 h5 36. Qd5 Qe2 37. Rg1 Re8 38. Qd4+ Qe5 39. Qxe5+
Rxe5 40. Rc1 Rc5 41. Kg2 Kg7 42. Kf3 Kf6 43. Ke4 Ke6 44. Kd4 Kd6 45. f4 Ra5 46.
c5+ Kc6 47. Rc2 h4 48. Ke5 Ra8 49. f5 Re8+ 50. Kf6 Re4 51. Kg5 h3 52. f6 Re1
53. Rf2 1-0

[Event "Madrid ch Final 2019"]
[Site "Madrid ESP"]
[Date "2019.05.25"]
[Round "1.8"]
[White "Elissalt Cardenas, Hector"]
[Black "Cabañas Bravo, Juan Andres"]
[Result "1/2-1/2"]
[WhiteElo "2287"]
[BlackElo "2010"]
[PlyCount "74"]
[EventDate "2019.05.25"]
[EventType "swiss"]
[EventRounds "7"]
[EventCountry "ESP"]
[SourceTitle "Ajedrez en Madrid"]
[Source "lmi"]
[SourceDate "2019.05.25"]
[SourceVersion "1"]
[SourceVersionDate "2019.06.03"]
[SourceQuality "1"]

1. b3 e5 2. Bb2 Nc6 3. e3 d5 4. Bb5 Bd6 5. f4 Qe7 6. Nf3 f6 7. fxe5 fxe5 8.
Nxe5 Bxe5 9. Bxc6+ Kd8 10. d4 Bxh2 11. Kd2 Nf6 12. Rxh2 Bg4 13. Qe1 bxc6 14.
Nc3 Kd7 15. Rh1 Rae8 16. Qg3 Qb4 17. Kc1 Re6 18. Na4 Kc8 19. Nc5 Re7 20. c3 Qa5
21. a4 Rhe8 22. b4 Qb6 23. Re1 h5 24. Qf4 a5 25. Ba3 Ne4 26. bxa5 Qxa5 27. Bb4
Qa7 28. a5 g5 29. Qf1 Nd6 30. Ra2 Rf7 31. Rf2 Ref8 32. Rxf7 Rxf7 33. Qg1 Ne4
34. Rf1 Rxf1+ 35. Qxf1 Nxc5 36. dxc5 Kb7 37. Kd2 Qa6 1/2-1/2

[Event "Madrid ch Final 2019"]
[Site "Madrid ESP"]
[Date "2019.05.25"]
[Round "1.9"]
[White "Rios Rebollo, Victor"]
[Black "Perez Gonzalez, Jose Manuel"]
[Result "1-0"]
[WhiteElo "2007"]
[BlackElo "2228"]
[PlyCount "87"]
[EventDate "2019.05.25"]
[EventType "swiss"]
[EventRounds "7"]
[EventCountry "ESP"]
[SourceTitle "Ajedrez en Madrid"]
[Source "lmi"]
[SourceDate "2019.05.25"]
[SourceVersion "1"]
[SourceVersionDate "2019.06.03"]
[SourceQuality "1"]

1. d4 Nf6 2. c4 c5 3. d5 b5 4. Nf3 Bb7 5. Qc2 Na6 6. Nbd2 Nb4 7. Qb1 bxc4 8. e4
e6 9. dxe6 fxe6 10. Bxc4 d5 11. Bb5+ Bc6 12. Bxc6+ Nxc6 13. exd5 exd5 14. O-O
Be7 15. Ng5 Qd7 16. Ndf3 O-O 17. Bf4 h6 18. Nh3 Ne4 19. Qd3 Bf6 20. Rad1 Rad8
21. Bc1 g5 22. Nd2 Nxd2 23. Qxd2 Bd4 24. Kh1 Rf6 25. f3 Re8 26. Nf2 Rfe6 27.
Ng4 Kg7 28. Rfe1 Qe7 29. Rxe6 Qxe6 30. h4 Qe2 31. hxg5 Qxd2 32. gxh6+ Qxh6+ 33.
Bxh6+ Kg6 34. Bf4 Kf5 35. Bh2 Re2 36. Rb1 Bxb2 37. Bd6 c4 38. Nh2 c3 39. g4+
Kg5 40. f4+ Kh4 41. Rg1 Rxh2+ 42. Kxh2 c2 43. Bc5 c1=Q 44. Bf2# 1-0

[Event "Madrid ch Final 2019"]
[Site "Madrid ESP"]
[Date "2019.05.25"]
[Round "1.10"]
[White "Yañez Rodriguez, Wilbert"]
[Black "Lorenzo Bailador, Alfredo"]
[Result "1-0"]
[WhiteElo "2217"]
[BlackElo "2003"]
[PlyCount "67"]
[EventDate "2019.05.25"]
[EventType "swiss"]
[EventRounds "7"]
[EventCountry "ESP"]
[SourceTitle "Ajedrez en Madrid"]
[Source "lmi"]
[SourceDate "2019.05.25"]
[SourceVersion "1"]
[SourceVersionDate "2019.06.03"]
[SourceQuality "1"]

1. e4 e5 2. Nf3 Nc6 3. d4 exd4 4. Nxd4 Bc5 5. Be3 Qf6 6. c3 Nge7 7. Bc4 Ne5 8.
Be2 O-O 9. f4 Qh6 10. O-O d5 11. Qd2 N5c6 12. e5 Bxd4 13. cxd4 Bf5 14. Nc3 Qg6
15. Kh1 h5 16. Bf3 Rfd8 17. Rfd1 Bg4 18. Qe2 Nf5 19. Bf2 Nce7 20. Na4 Qc6 21.
b3 Bxf3 22. Qxf3 Qh6 23. Rac1 c6 24. Nc5 Rab8 25. Kg1 h4 26. Kf1 Ng6 27. g4
hxg3 28. hxg3 Nf8 29. g4 Nh4 30. Qg3 Nhg6 31. Be3 Qh7 32. f5 Qh4 33. Qxh4 Nxh4
34. Bg5 1-0

[Event "Madrid ch Final 2019"]
[Site "Madrid ESP"]
[Date "2019.05.25"]
[Round "1.11"]
[White "Estevez Sacristan, Deva"]
[Black "Rodriguez Melendez, Juan Humbert"]
[Result "1/2-1/2"]
[WhiteElo "1999"]
[BlackElo "2212"]
[PlyCount "89"]
[EventDate "2019.05.25"]
[EventType "swiss"]
[EventRounds "7"]
[EventCountry "ESP"]
[SourceTitle "Ajedrez en Madrid"]
[Source "lmi"]
[SourceDate "2019.05.25"]
[SourceVersion "1"]
[SourceVersionDate "2019.06.03"]
[SourceQuality "1"]

1. e4 c5 2. Nf3 d6 3. d4 cxd4 4. Nxd4 Nf6 5. Nc3 a6 6. h3 e6 7. g4 Nc6 8. Bg2
Qc7 9. O-O Be7 10. Be3 O-O 11. f4 Nxd4 12. Qxd4 e5 13. Qd2 exf4 14. Rxf4 Be6
15. Nd5 Bxd5 16. exd5 Nd7 17. b3 b5 18. Rf2 Bh4 19. Re2 Rfe8 20. Rc1 Qd8 21. c4
Rxe3 22. Qxe3 Bg5 23. Qc3 Bxc1 24. Qxc1 Rc8 25. Rc2 Qb6+ 26. Kh2 Qc5 27. Be4 b4
28. Bf5 Rd8 29. Bxd7 Rxd7 30. Re2 Rd8 31. Qe3 Qc8 32. Qe7 Qb8 33. Kg3 h6 34.
Rf2 Rf8 35. Re2 Qb6 36. Qe3 Qb8 37. Qe7 a5 38. Kg2 Qb6 39. Qe3 Qa6 40. g5 hxg5
41. Qxg5 Qc8 42. Qe7 Qa6 43. Re4 a4 44. Rg4 Qc8 45. Rxg7+ 1/2-1/2

[Event "Madrid ch Final 2019"]
[Site "Madrid ESP"]
[Date "2019.05.25"]
[Round "1.12"]
[White "Martinez Fernandez, Raul"]
[Black "Gonzalez Rivera, Eduardo"]
[Result "1-0"]
[WhiteElo "2202"]
[BlackElo "1998"]
[PlyCount "113"]
[EventDate "2019.05.25"]
[EventType "swiss"]
[EventRounds "7"]
[EventCountry "ESP"]
[SourceTitle "Ajedrez en Madrid"]
[Source "lmi"]
[SourceDate "2019.05.25"]
[SourceVersion "1"]
[SourceVersionDate "2019.06.03"]
[SourceQuality "1"]

1. e4 e5 2. Nf3 Nc6 3. d4 exd4 4. Nxd4 Nf6 5. Nxc6 bxc6 6. e5 Qe7 7. Qe2 Nd5 8.
c4 Nb6 9. Nc3 a5 10. Qe4 Bb7 11. Be3 Qb4 12. Rb1 Ba6 13. a3 Qe7 14. b4 axb4 15.
axb4 Bb7 16. Bd3 g6 17. O-O Bg7 18. Bc5 Qe6 19. f4 d5 20. Qf3 Nxc4 21. f5 Nxe5
22. fxe6 Nxf3+ 23. Rxf3 fxe6 24. Bf1 Ra3 25. Ne2 Rxf3 26. gxf3 Ba6 27. Nf4 Bc8
28. Re1 Kf7 29. Nd3 Ba6 30. Ne5+ Bxe5 31. Bxa6 Bd6 32. Bxd6 cxd6 33. Rc1 Rb8
34. Rxc6 Rxb4 35. Rxd6 g5 36. Rd7+ Kf6 37. Rxh7 g4 38. fxg4 Rxg4+ 39. Kf2 e5
40. Be2 Rg7 41. Rh3 e4 42. Ke3 Ra7 43. Rh6+ Kg7 44. Rh5 Ra5 45. Kf4 Kg6 46. h3
Ra2 47. Bg4 Rd2 48. Re5 Kg7 49. Re7+ Kf8 50. Ra7 Rd3 51. Ke5 Rb3 52. Kf6 Rb8
53. Rh7 Kg8 54. Rg7+ Kh8 55. Be6 Rb6 56. Rg5 Rb7 57. Rxd5 1-0

[Event "Madrid ch Final 2019"]
[Site "Madrid ESP"]
[Date "2019.05.25"]
[Round "1.13"]
[White "Rojas Pozo, Jose Luis"]
[Black "Mkrtchyan, Levon"]
[Result "1/2-1/2"]
[WhiteElo "1974"]
[BlackElo "2168"]
[PlyCount "54"]
[EventDate "2019.05.25"]
[EventType "swiss"]
[EventRounds "7"]
[EventCountry "ESP"]
[SourceTitle "Ajedrez en Madrid"]
[Source "lmi"]
[SourceDate "2019.05.25"]
[SourceVersion "1"]
[SourceVersionDate "2019.06.03"]
[SourceQuality "1"]

1. d4 Nf6 2. c4 e6 3. Nf3 Bb4+ 4. Bd2 Be7 5. Nc3 d5 6. Bf4 O-O 7. e3 c6 8. c5
Nbd7 9. h3 Re8 10. Bd3 Nf8 11. O-O N6d7 12. b4 b6 13. Qc2 f6 14. Na4 bxc5 15.
bxc5 Qa5 16. Rfc1 Ba6 17. Bxa6 Qxa6 18. Rab1 Bd8 19. Bd6 e5 20. Nc3 Be7 21.
Bxe7 Rxe7 22. Qb3 Rb8 23. Qa4 Qxa4 24. Nxa4 Ree8 25. Nc3 Ne6 26. Rxb8 Rxb8 27.
Rb1 Rxb1+ 1/2-1/2

[Event "Madrid ch Final 2019"]
[Site "Madrid ESP"]
[Date "2019.05.25"]
[Round "1.14"]
[White "Nieto De La Cruz, Julio"]
[Black "Bello Burguet, Glenier Lazaro"]
[Result "1-0"]
[WhiteElo "2168"]
[BlackElo "1961"]
[PlyCount "65"]
[EventDate "2019.05.25"]
[EventType "swiss"]
[EventRounds "7"]
[EventCountry "ESP"]
[SourceTitle "Ajedrez en Madrid"]
[Source "lmi"]
[SourceDate "2019.05.25"]
[SourceVersion "1"]
[SourceVersionDate "2019.06.03"]
[SourceQuality "1"]

1. d4 Nf6 2. Nf3 d5 3. Bf4 c5 4. e3 Nc6 5. c3 Qb6 6. Qc1 Bf5 7. dxc5 Qxc5 8.
Na3 a6 9. Be2 e6 10. O-O Be7 11. h3 O-O 12. Nc2 h6 13. Ncd4 Bh7 14. b4 Qb6 15.
Nxc6 bxc6 16. Be5 Nd7 17. Bd4 Qc7 18. c4 Bxb4 19. Bxg7 Kxg7 20. Qb2+ Kg8 21.
Qxb4 Ne5 22. Rfd1 Nxf3+ 23. Bxf3 Qe5 24. Rac1 Rab8 25. Qa4 Rb2 26. Qxa6 Bc2 27.
Re1 Qc3 28. Qxc6 Qd2 29. cxd5 Bd3 30. dxe6 Qxf2+ 31. Kh1 fxe6 32. Qxe6+ Rf7 33.
Bd5 1-0

[Event "Madrid ch Final 2019"]
[Site "Madrid ESP"]
[Date "2019.05.26"]
[Round "2.1"]
[White "Espinosa Aranda, Angel"]
[Black "Martinez Fernandez, Raul"]
[Result "1-0"]
[WhiteElo "2483"]
[BlackElo "2202"]
[PlyCount "95"]
[EventDate "2019.05.25"]
[EventType "swiss"]
[EventRounds "7"]
[EventCountry "ESP"]
[SourceTitle "Ajedrez en Madrid"]
[Source "lmi"]
[SourceDate "2019.05.25"]
[SourceVersion "1"]
[SourceVersionDate "2019.06.03"]
[SourceQuality "1"]

1. d4 d5 2. c4 c6 3. Nf3 Nf6 4. e3 Bf5 5. Nc3 a6 6. cxd5 cxd5 7. Ne5 Nbd7 8.
Qb3 Rb8 9. Nxd7 Qxd7 10. Bxa6 Qc7 11. Bb5+ Bd7 12. Bd2 e6 13. Rc1 Qb6 14. Bxd7+
Nxd7 15. Nb5 Be7 16. Nc7+ Kf8 17. Qxb6 Nxb6 18. b3 g6 19. Ke2 Kg7 20. Nb5 Nc8
21. a4 Nd6 22. Bb4 Rhd8 23. Kd3 Bf8 24. Bxd6 Bxd6 25. Nxd6 Rxd6 26. Rc5 b6 27.
Rc7 b5 28. a5 b4 29. Ra1 Ra6 30. Rc5 f5 31. f3 h5 32. Ra2 Kf6 33. e4 dxe4+ 34.
fxe4 Ke7 35. e5 Ra7 36. Kc4 f4 37. Rb5 Rc7+ 38. Kxb4 Rd8 39. Rd2 g5 40. a6 g4
41. Rc5 Rcd7 42. Kc3 f3 43. gxf3 gxf3 44. Rf2 Rxd4 45. Rxf3 Rd1 46. Rc7+ R8d7
47. Rxd7+ Kxd7 48. Rd3+ 1-0

[Event "Madrid ch Final 2019"]
[Site "Madrid ESP"]
[Date "2019.05.26"]
[Round "2.2"]
[White "Nieto De La Cruz, Julio"]
[Black "Moreno Ruiz, Javier"]
[Result "0-1"]
[WhiteElo "2168"]
[BlackElo "2471"]
[PlyCount "98"]
[EventDate "2019.05.25"]
[EventType "swiss"]
[EventRounds "7"]
[EventCountry "ESP"]
[SourceTitle "Ajedrez en Madrid"]
[Source "lmi"]
[SourceDate "2019.05.25"]
[SourceVersion "1"]
[SourceVersionDate "2019.06.03"]
[SourceQuality "1"]

1. Nf3 Nf6 2. c4 g6 3. b3 Bg7 4. Bb2 O-O 5. g3 c5 6. Bg2 Nc6 7. O-O d6 8. Nc3
e5 9. d3 h6 10. Ne1 Be6 11. Nc2 d5 12. e4 d4 13. Nd5 Ne8 14. Ba3 b6 15. b4 Bxd5
16. exd5 Nxb4 17. Nxb4 cxb4 18. Bxb4 Nd6 19. Qa4 Re8 20. Rac1 a5 21. Ba3 Bf8
22. c5 bxc5 23. Rxc5 Nf5 24. Rb5 Bb4 25. Bxb4 axb4 26. Qb3 Ra3 27. Qb1 Nd6 28.
Rxb4 Qa8 29. Rb6 Rd8 30. Qe1 Qa5 31. Rc6 Qxe1 32. Rxe1 Rxd3 33. Rxe5 Rd1+ 34.
Bf1 d3 35. Rc3 d2 36. Rd3 Rc8 37. Kg2 Rcc1 38. Re7 Rxf1 39. Rxd2 Rfd1 40. Ree2
Kf8 41. h4 Rxd2 42. Rxd2 Ke7 43. g4 Rc4 44. f3 Kf6 45. Kg3 Ke5 46. h5 gxh5 47.
Re2+ Kxd5 48. gxh5 Nf5+ 49. Kf2 Rh4 0-1

[Event "Madrid ch Final 2019"]
[Site "Madrid ESP"]
[Date "2019.05.26"]
[Round "2.3"]
[White "Almagro Llamas, Pablo"]
[Black "Perez Diez, Victor"]
[Result "1-0"]
[WhiteElo "2458"]
[BlackElo "2018"]
[PlyCount "121"]
[EventDate "2019.05.25"]
[EventType "swiss"]
[EventRounds "7"]
[EventCountry "ESP"]
[SourceTitle "Ajedrez en Madrid"]
[Source "lmi"]
[SourceDate "2019.05.25"]
[SourceVersion "1"]
[SourceVersionDate "2019.06.03"]
[SourceQuality "1"]

1. d4 f5 2. c4 Nf6 3. Nc3 d6 4. Bg5 Nbd7 5. Qc2 g6 6. O-O-O Bg7 7. Nh3 e5 8.
dxe5 Nxe5 9. c5 Nf7 10. Bh4 O-O 11. e3 Be6 12. Nf4 Qe7 13. Ncd5 Bxd5 14. Nxd5
Qe5 15. Bxf6 Bxf6 16. f4 Qe6 17. Bc4 dxc5 18. e4 fxe4 19. Nxc7 Bxb2+ 20. Kxb2
Qb6+ 21. Nb5 a6 22. Rd6 Qa5 23. Nc3 b5 24. Bxf7+ Rxf7 25. Qxe4 Raf8 26. Nd5 c4
27. Rc1 Rxf4 28. Qe6+ R4f7 29. Rc2 b4 30. Rxa6 c3+ 31. Kb3 Qb5 32. Nxb4 Qf1 33.
Qc4 Qb1+ 34. Ka3 Rb8 35. Rxc3 Kh8 36. Rc1 Qf5 37. Qd4+ Kg8 38. Kb2 Qb5 39. Ra3
Qxb4+ 40. Qxb4 Rxb4+ 41. Rb3 Ra4 42. Rc2 Rfa7 43. a3 Kg7 44. Rcc3 Re4 45. Rc2
Rea4 46. Rbc3 Rb7+ 47. Ka2 Kh6 48. Rc7 Rb6 49. R2c4 Rxc4 50. Rxc4 Kg5 51. a4 h5
52. a5 Ra6 53. Ra4 Kf5 54. Kb3 g5 55. Kc4 g4 56. Kb5 Ra8 57. a6 h4 58. Kb6 g3
59. hxg3 hxg3 60. a7 Re8 61. a8=Q 1-0

[Event "Madrid ch Final 2019"]
[Site "Madrid ESP"]
[Date "2019.05.26"]
[Round "2.4"]
[White "Suarez Uriel, Adrian"]
[Black "Rios Rebollo, Victor"]
[Result "1-0"]
[WhiteElo "2382"]
[BlackElo "2007"]
[PlyCount "57"]
[EventDate "2019.05.25"]
[EventType "swiss"]
[EventRounds "7"]
[EventCountry "ESP"]
[SourceTitle "Ajedrez en Madrid"]
[Source "lmi"]
[SourceDate "2019.05.25"]
[SourceVersion "1"]
[SourceVersionDate "2019.06.03"]
[SourceQuality "1"]

1. e4 e6 2. d4 d5 3. Nd2 dxe4 4. Nxe4 Bd7 5. Nf3 Bc6 6. Bd3 Nd7 7. O-O Ngf6 8.
Neg5 h6 9. Nxe6 fxe6 10. Bg6+ Ke7 11. Re1 Bxf3 12. Qxf3 Nb6 13. c4 Nxc4 14.
Rxe6+ Kxe6 15. Qe2+ Kd7 16. Bf5+ Kc6 17. Qxc4+ Kb6 18. Qb3+ Kc6 19. Bf4 b6 20.
Rc1+ Kb7 21. Qf3+ Nd5 22. Bxc7 Rc8 23. Bxc8+ Qxc8 24. Qxd5+ Ka6 25. Rc4 Qe8 26.
Be5 Be7 27. b3 b5 28. Qe6+ Kb7 29. Rc7+ 1-0

[Event "Madrid ch Final 2019"]
[Site "Madrid ESP"]
[Date "2019.05.26"]
[Round "2.5"]
[White "Garcia Sanz, Eduardo"]
[Black "Yañez Rodriguez, Wilbert"]
[Result "0-1"]
[WhiteElo "1820"]
[BlackElo "2217"]
[PlyCount "104"]
[EventDate "2019.05.25"]
[EventType "swiss"]
[EventRounds "7"]
[EventCountry "ESP"]
[SourceTitle "Ajedrez en Madrid"]
[Source "lmi"]
[SourceDate "2019.05.25"]
[SourceVersion "1"]
[SourceVersionDate "2019.06.03"]
[SourceQuality "1"]

1. c4 g6 2. Nf3 Bg7 3. Nc3 d6 4. g3 c5 5. Bg2 Nc6 6. O-O Nf6 7. d4 O-O 8. d5
Na5 9. Qd3 a6 10. Nd2 b5 11. e3 Nxc4 12. Nxc4 bxc4 13. Qxc4 a5 14. Rd1 Ba6 15.
Qa4 Rb8 16. a3 Nd7 17. f4 c4 18. Ne4 Rb3 19. Bd2 Bb5 20. Qxa5 Qxa5 21. Bxa5
Bxb2 22. Rab1 Rxa3 23. Rxb2 Rxa5 24. Rc1 Ba6 25. Kf2 Rc8 26. Rc3 Kg7 27. Nd2
Rac5 28. e4 R8c7 29. Bf1 e6 30. dxe6 fxe6 31. Nf3 Nf6 32. Re2 Bb7 33. Nd4 Kf7
34. Bh3 Nxe4+ 35. Rxe4 Bxe4 36. Nxe6 d5 37. Ke3 R5c6 38. Nxc7 Rxc7 39. Bg4 Ra7
40. Bf3 Bxf3 41. Kxf3 Rb7 42. Ke3 Rb3 43. Kd4 Rxc3 44. Kxc3 h5 45. h3 Ke6 46.
g4 hxg4 47. hxg4 Kd6 48. Kd4 Ke7 49. Kc3 Kd7 50. Kd4 Kd6 51. Kc3 Kc5 52. g5 d4+
0-1